Introducción a los Sistemas Operativos / Eduardo Alcalde Lancharro (Registro nro. 11872)
[ vista simple ]
| 000 -LÍDER | |
|---|---|
| fixed length control field | 00623nam a2200169 4500 |
| 008 - ELEMENTOS DE LONGITUD FIJA -- INFORMACIÓN GENERAL | |
| fixed length control field | 0 1992 0a 000 0ESP |
| 020 ## - NÚMERO INTERNACIONAL NORMALIZADO PARA LIBROS | |
| ISBN | 84-7615-767-3 |
| 050 ## - SIGNATURA TOPOGRAFICA DE LA BIBLIOTECA DEL CONGRESO (LC) | |
| Número de Clasificación | QA76.76.O63 A346 |
| 082 ## - NUMERO DE CLASIFICACION DECIMAL DEWEY | |
| Número de Clasificación | 001.64 A665i |
| 100 ## - ASIENTO PRINCIPAL--NOMBRE PERSONAL | |
| Nombre personal | Alcalde Lancharro, Eduardo |
| 245 ## - TÍTULO | |
| Título | Introducción a los Sistemas Operativos / Eduardo Alcalde Lancharro |
| 260 ## - PUBLICACIÓN, DISTRIBUCIÓN, ETC. (PIE DE IMPRENTA) | |
| Lugar de publicación, distribución, etc. | España: McGraw-Hill |
| 300 ## - DESCRIPCIÓN FÍSICA | |
| Extensión | xii, 259 p. / 24 cm. |
| 500 ## - NOTA GENERAL | |
| Nota general | Incluye contenido, prólogo, índice y bibliografía. |
| 650 ## - ASIENTO SECUNDARIO DE MATERIA - TERMINO TEMÁTICO | |
| Término temático o nombre geográfico como elemento de entrada | 1. SISTEMAS OPERACIONALES (COMPUTADORAS) |
| 700 ## - ASIENTO SECUNDARIO - NOMBRE PERSONAL | |
| Nombre personal | Morera Pascual, Juan, Coaut. \ Perez-Campanero Atanasio, Juan A., Coaut. |
| No. biblioteca | No. biblioteca | Número de clasificación | Código de barras/Número de adquisición | Número de copia | Tipo de material |
|---|---|---|---|---|---|
| LUIS G. INCLAN | LUIS G. INCLAN | 001.64 A665i | 20757 | 8 | Libros |
| LUIS G. INCLAN | LUIS G. INCLAN | 001.64 A665i | 25382 | 12 | Libros |
